| 000 | 00470nam a2200169Ia 4500 | ||
|---|---|---|---|
| 003 | OSt | ||
| 005 | 20201201104719.0 | ||
| 008 | 190216s9999||||xx |||||||||||||| ||und|| | ||
| 040 | _coclc | ||
| 082 |
_a894.8123 _bMOH/S |
||
| 100 |
_aMohanavarma, K L _96455 |
||
| 245 | 0 |
_aShort Circuit / _cK L Mohanavarma |
|
| 260 |
_bPoorna Pubs, _c1995. _aKozhikode: |
||
| 300 | _a224p | ||
| 650 | _aNovel | ||
| 942 |
_cBK _2ddc _h894.8123 _iMOH/S _k894.8123 _mMOH/S |
||
| 999 |
_c27547 _d27547 |
||